1743 1418 1327 1874 1471 1370 1969 1525 1921 1313 1222 1115 1297 1973 1225 1150 1250 1162 1298 1204 1630 1438 1822 1047 1836 1682 1260 1326 1882 1734 1733 1074 1453 1560 1273 1521 1339 1500 1923 1903 1909 1815 1382 1726 1439 1370 1345 1154 1682 1549 1479 1858 1028 1979 1906 1709 1466 1983 1665 1110 1168 1276 1926 1311 1144 1563 1930 1441 1778 1910 1301 1497 1142 1615 1187 1911 1206 1869 1617 1741 1040 1384 1724 1929 1244 1185 1457 1312 1160 1405 1652 1703 1503 1991 1752 1883 1035 1762 1091 BCNSPRNW ULIB Ver.6.0+V

เปลี่ยนเป็นภาษาไทย

Change to English
 แสดงรายละเอียดบรรณานุกรม
  กลับหน้าหลัก

Brief Record : Get Marc (ISO 2709) : E-mail record : QR code < ปิดหน้าต่าง
LEADER : 00000nam 2200000uu 4500
001    13399125099
003     ULIB
008    160624s2551||||th 000 0 tha d
060  4 WB105^bค695
110 1  งานแพทยศาสตร์โรงพยาบาลรามาธิบดี มหาวิทยาลัยมหิดล
245 00 คู่มือเวชศาสตร์ฉุกเฉิน สำหรับนักศึกษาแพทย์^cงานแพทยศาสตร์โรงพยาบาลรามาธิบดี มหาวิทยาลัยมหิดล
260    กรุงเทพฯ:^bคณะแพทยศาสตร์โรงพยาบาลรามาธิบดี มหาวิทยาลัยมหิดล,^c2551
300    286 หน้า
650  0 การนวดหัวใจผายปอดกู้ชีพ
650  0 การกู้ชีพ
945    ^p0^l0^i001339
999    ^aเกษร โพธิ์สุวรรณ
รายการนี้ยังไม่มีแท็ก
คุณยังไม่ได้ล็อกอิน คุณสามารถมีกิจกรรมร่วมกับเว็บไซต์ได้ แต่ต้องล็อกอินก่อน ::
  ล็อกอิน

รายการสื่อสารสนเทศ

ลำดับที่ ประเภท เลขเรียก/บาร์โค้ด สถานที่ สถานะ
1. วิทยาศาสตร์การแพทย์ และสุขภาพ
หนังสือสำรอง
สถานะ=หนังสือสำรอง
WB105 ค695 ฉ.1 
  Barcode: 001339
ห้องสมุดวิทยาเขตสวรรค์ประชารักษ์
►หนังสือทั่วไป
บนชั้น
Note:ฉบับถ่ายสำเนา

รายการใกล้เคียง
    หัวเรื่อง [การกู้ชีพ]

BibComment


ยังไม่เคยถูกคอมเมนท์

คอมเมนท์ทรัพยากรรายการนี้
  คอมเมนท์: คู่มือเวชศาสตร์ฉุ..


 Copyright 2026. Bcnsprnw @Library